Les formes de l'histoire : essais d'anthropologie politique
Saved in:
| Main Author: | |
|---|---|
| Format: | Book |
| Language: | French |
| Published: |
Paris :
Callimard,
1978
|
| Series: | Bibliotheque des sciences humaines
|
| Subjects: | |
| Tags: |
Add Tag
No Tags, Be the first to tag this record!
|
MARC
| LEADER | 00000nam a2200000 i 4500 | ||
|---|---|---|---|
| 001 | 1/81693 | ||
| 008 | 970114s1978 fre d | ||
| 035 | |l 10005354 | ||
| 040 | |a GR-MY-UA |b gre |e aacr | ||
| 041 | 0 | |a fre | |
| 082 | 0 | |a 306.2 | |
| 100 | 1 | |a Lefort, Claude. | |
| 245 | 1 | 4 | |a Les formes de l'histoire : |b essais d'anthropologie politique / |c Claude Lefort |
| 260 | |a Paris : |b Callimard, |c 1978 | ||
| 300 | |a 329 p. | ||
| 490 | 1 | |a Bibliotheque des sciences humaines | |
| 650 | 0 | 0 | |a Political anthropology. |
| 650 | 0 | 0 | |a Historical sociology. |
| 650 | 0 | 0 | |a Ideology. |
| 650 | 0 | 0 | |a History |x Philosophy. |
| 830 | 0 | |a Bibliotheque des sciences humaines | |
| 852 | |a INST |b LESVOS |e 19970114 |h 306.2 LEF |p 005100012298 |q 005100012298 |t BK |y 0 | ||
| 909 | |a Λ |b 007296 | ||